Zákon o štátnom rozpočte na rok 2008 bol schválený

Zabezpečenie potrieb financovania vonkajších a vnútorných funkcií štátu v recentnom práve formou rozpočtu. Ekonomické a právne hľadisko rozpočtu. Celoštátna, regionálna úroveň rozpočtu. Problematiku štátneho rozpočtu upravuje zákon č. 523/2004 Z. z. o rozpočtových pravidlách verejnej správy. Príjmy...

Descrizione completa

Salvato in:
Dettagli Bibliografici
Autore principale: Kubincová, Soňa
Natura: Capitolo di libro
Lingua:slovacco
Soggetti:
Tags: Aggiungi Tag
Nessun Tag, puoi essere il primo ad aggiungerne!!

MARC

LEADER 00000naa$a2200000$$$4500
001 0069238
005 20231013072036.5
041 0 |a slo 
044 |a SK 
245 1 0 |a Zákon o štátnom rozpočte na rok 2008 bol schválený  |c Soňa Kubincová 
520 |a Zabezpečenie potrieb financovania vonkajších a vnútorných funkcií štátu v recentnom práve formou rozpočtu. Ekonomické a právne hľadisko rozpočtu. Celoštátna, regionálna úroveň rozpočtu. Problematiku štátneho rozpočtu upravuje zákon č. 523/2004 Z. z. o rozpočtových pravidlách verejnej správy. Príjmy a výdavky štátneho rozpočtu. 
610 2 0 |a zákony 
610 2 0 |a rozpočet štátny 
610 2 0 |a Slovensko 
610 2 0 |a príjmy rozpočtu štátneho 
610 2 0 |a výdavky rozpočtu štátneho 
610 2 0 |a organizácie rozpočtové 
610 2 0 |a financie verejné 
100 1 |a Kubincová, Soňa